LEADER 00729nam a2200205 i 4500 001 000000118553 003 CaOOAMICUS 005 20031002000000.0 008 031002s1955 it u000 u ita u 013 $a91246 040 $aSeMil$bita 100 1 $aLuzzatto, Gino.$0(OLS)http://semarc/name/4924 245 12$aL'età moderna. 250 $a4. ed. riveduta. 300 $aVII, 351 p. 773 0 $aLuzzatto, Gino$tStoria economica dell'età moderna e contemporanea.$dPadova : CEDAM, 1955-1960.$gParte1$w()10070 850 $aSeMil 852 $aSeMil$W1$xVenegono$y1$m323 5 1 *$j73851$B73851$CSeMilBibl$Z2$F76463 $81 961 $aRecupero: Biblioteca Seminario Saronno 996 $6245$aL'età moderna$9(OLS)http://semarc/title/8911 LEADER 00939nam a2200241 i 4500 001 000000124195 003 CaOOAMICUS 005 20040316000000.0 008 040316s2002 it u000 u ita u 013 $a96892 020 $a88-06-14124-4 040 $aSeMil$bita 245 10$aTempi Spazi Istituzioni. 300 $aXXXVI, 758 p., [48] p. di tav. 650 4$aArte medievale.$0(OLS)http://semarc/subject/9366 650 4$aMedioevo - Storia.$0(OLS)http://semarc/subject/44562 650 4$aMedioevo - Istituzioni.$0(OLS)http://semarc/subject/1484 773 0 $tArti e storia nel Medioevo.$dTorino : Giulio Einaudi, 2002-2003.$gVolume1$w()11196 850 $aSeMil 852 $aSeMil$W1$xVenegono$y1$mSL1.H IV 19$j78810$B78810$CSeMilBibl$Z2$F81107 $8I 961 $aAcquisto: Einaudi (Agente) 996 $6020$a88-06-14124-4$9(OLS)http://semarc/number/109933 996 $6245$aTempi Spazi Istituzioni$9(OLS)http://semarc/title/182744